01354nam a2200241 a 4500003000900000005001700009007000300026008004100029040002500070082001400095245014100109260004700250300004100297505002000338505042100358650006100779650006100840650006400901650000600965700003000971700002801001710008301029DO-SdBNP20260225123203.0ta220518e2004 dr abo|gr|||| 001 0 spa d aDO-SdBNPbspacBNPHU 4222bP699c10aPlan Cigua:bplan de desarrollo urbano para la Ciénaga y los Guandules /cCoordinador, Andrés Navarro; Fotografías, Alexis Peña. aSanto Domingo :bCiudad Alternativa,c2004 a93 p. :bil., fotogr., mapasc27 cm.0 aIntroducción.0 aI. Generalidades.t1.1 Ubicación del sector Domingo Savio.--t1.2 Objetivos.--t1.3 Estrategias.--t1.4 Política de desarroll.--t1.5 Gestión y Marco Jurídico del Plan.gII. Plan General.--t2.1 Estructuración.--t2.2 Programa de desarrollo.--t2.3 Plazos de desarrollo de proyectos por programas.--gIII. Plan Piloto.--t3.1 Estructuración.--t3.2 Relación de proyectos.--t3.3. Perfiles de proyectos. 4aDesarrollo UrbanozRepública Dominicana, La Ciénaga  4aDesarrollo UrbanozRepública Dominicana, Los Guandules 4aRenovación UrbanazSanto Domingo (República Dominicana) 0a 1 aNavarro, Andrèsecoord.1 aPeña, Alexisefotogr.2 a Ciudad Alternativa (Firma comercial : Santo Domingo, República Dominicana)